000 00534nam a22001697a 4500
003 BD-DhJNU
005 20250120035814.0
008 250120b |||||||| |||| 00| 0 eng d
040 _aBD-DhJNU
_bENG
_cBD-DhJNU
_dBD-DhJNU
082 _223
_a920
245 _aMuhammad Shahidullah felicitation volume :
_cEdited by Muhammad Enamul Haq
260 _aDacca :
_bAsiatic Society of Pakistan,
_c1966.
300 _axxxvi, 422 p.
_bill. ;
_c24 cm.
650 _aBengali Literature
700 _aHaq, Muhammad Enamul
_eEditor
942 _2ddc
_cBK
_n0
999 _c1117
_d1117